عرض عادي
عرض مارك
- siدي, توفيق عمر
دخول Personal Name
001 - CONTROL NUMBER
- control field: 30288
003 - CONTROL NUMBER IDENTIFIER
- control field: AE-AdECS
005 - DATE AND TIME OF LATEST TRANSACTION
- control field: 20260610093704.0
008 - FIXED-LENGTH DATA ELEMENTS
- fixed length control field: 260610|| aca||aabn | a|a d
040 ## - CATALOGING SOURCE
- Original cataloging agency: AE-AdECS
- Transcribing agency: AE-AdECS
100 ## - HEADING--PERSONAL NAME
- Personal name: siدي, توفيق عمر
670 ## - SOURCE DATA FOUND
- Source citation: Work cat.: (AE-AdECS)295298: siدي, توفيق عمر مؤلف., توثيق المعاملات المالية المعاصرة من منظور اقتصادي إسلامي
